Statistics for Top 12 Sacramento Kings Players

Click here to take the quiz!

General Stats

  • This quiz has been taken 148 times
    (136 since last reset)
  • The average score is 5 of 12

Answer Stats

RankPlayerWin Share% Correct
1Oscar Robertson154.2
95%
11Chris Webber45.5
90%
4Peja Stojakovic59.8
72%
8Mitch Richmond50.4
50%
5Jerry Lucas57.8
41%
6Tiny Archibald53.7
37%
2Jack Twyman75.0
30%
7Sam Lacey50.4
21%
10Arnie Risen48.9
13%
9Bob Davies49.7
11%
12Scott Wedman43.8
11%
3Bobby Wanzer63.9
9%

Score Distribution

Percentile by Number Answered

Percent of People with Each Score

Your Score History

You have not taken this quiz since the last reset